000 00304cam a22001097a 4500
008 180718b2017 xxu||||| |||| 00| 0 eng d
020 _a9788193317211
100 _aUppal, R.K
245 _aBanking with technology: a new vision - 2020
_cby R.K. Uppal
260 _aNew Delhi
_bBharti
_c2017
300 _a557p.
999 _c445806
_d445806